000 00511nam a2200181 4500
001 26860
005 20230410115556.0
008 060907n2003 dr spa
020 _a1842774816
035 _9funglode27063
041 _aEN
050 1 4 _aHF 1385 D229w 2003
100 _aDas, Bhagirath Lal
245 1 4 _aThe WTO and the multilateral trading system :
_bpast, present and future /
_cBhagirath Lal Das
260 _aLondon :
_bZed Books,
_c2003
300 _axiii, 249 p
942 _2lcc
_cbk
999 _c43899
_d43899